Statystyki dla Państwa nieuznawane, częściowo nieuznawane.

Kliknij tutaj aby rozwiązać quiz!

Ogólne statystyki

  • Ten quiz został rozwiązany 52 razy
  • Średni wynik to 8 z 15

Statystyki odpowiedzi

PODPOWIEDŹODPOWIEDŹ% Poprawnych
AzjaCzęściowo uznaneTajwanUznaje go 14 państw ONZ.
87%
EuropaCzęściowo uznaneKosowoUznawany przez 105 do 108 państw ONZ.
84%
EuropaNieuznawaneNaddniestrzeCzęść Mołdawii.
76%
AzjaCzęściowo uznaneCypr PółnocnyUznawany tylko przez Turcję.
62%
AzjaCzęściowo nieuznawaneKorea PołudniowaNieuznawana przez: Koreę Północną.
60%
AfrykaNieustalony statusSahara ZachodniaUznawana przez 51 państw i 1 nieuznawane.
58%
AzjaCzęściowo uznaneAbchazjaUznawany przez: Rosję, Nauru, Nikaraguę, Syrię i Wenezuelę.
53%
AzjaNieustalony statusPalestynaUznawana za państwo przez ONZ.
53%
AzjaNieuznawaneGórski KarabachCzęść Azerbejdżanu.
51%
AfrykaNieuznawaneSomalilandCzęść Somalii.
51%
AzjaCzęściowo nieuznawaneKorea PółnocnaNieuznawana przez: Francję, Japonię i Koreę Południową.
47%
AzjaCzęściowo uznaneOsetia PołudniowaUznawany przez: Rosję, Nauru, Nikaraguę, Syrię i Wenezuelę.
38%
EuropaNieuznawaneDoniecka Republika LudowaCzęść Ukrainy.
33%
EuropaNieuznawaneŁugańska Republika LudowaCzęść Ukrainy.
29%
AzjaCzęściowo nieuznawaneArmeniaNieuznawany tylko przez Pakistan.
18%

Rozkład punktacji

Percentyl według liczby udzielonych odpowiedzi

Procent ludzi z każdym wynikiem

Twoja historia wyników

Nie rozwiązałeś tego quizu